Detalles MARC
| 000 -LIDER |
| fixed length control field |
00873nam a2200313 4500 |
| 001 - NÚMERO DE CONTROL |
| Identificador de número de control |
469875 |
| 003 - IDENTIFICACDOR DE NÚMERO DE CONTROL |
| control field |
DO-SdBNP |
| 005 - DATE AND TIME OF LATEST TRANSACTION |
| control field |
20151124140906.0 |
| 007 - CAMPOS FIJOS DE DESCRIPCIÓN FÍSICA |
| fixed length control field |
469875 |
| 008 - ELEMENTOS DE LONGITUD FIJA |
| fixed length control field |
960228s1993 sp | |||| ||spa |
| 016 7# - NO. DE CONTROL DE LA AGENCIA BIB. NACIONAL |
| Record control number |
|
| Source |
BPMSU |
| 017 ## - NÚMERO DE REGISTRO DE DERECHOS DE AUTOR |
| Assigning agency |
|
| 020 ## - ISBN |
| International Standard Book Number |
8434832089 |
| 035 ## - NÚMERO LOCAL |
| System control number |
|
| 040 ## - FUENTE DE CATALOGACIÓN |
| Agencia que crea de manera original el registro |
BPMSU |
| Idioma de catalogación |
spa |
| Agencia que realiza la transcripción |
BPMSU |
| Convenciones de la despripción |
|
| 080 #0 - NÚMERO DE CLASIFICACIÓN DECIMAL UNIVERSAL |
| Universal Decimal Classification number |
|
| 100 1# - ASIENTO PRINCIPAL -- NOMBRE PERSONAL |
| Nombre personal |
Murciano, Carlos |
| Fechas asociadas con el nombre |
1931- |
| 245 13 - MENCIÓN DE TITULO |
| Título |
La bufanda amarilla y Don abecedario / |
| Mención de responsabilidad |
Carlos Murciano ; ilustraciones de Ángel Esteban |
| Medio (Designación general de material) |
|
| 250 ## - MENCIÓN DE EDICION |
| Mención de edición |
2ª ed. |
| 260 ## - PUBLICACIÓN, DISTRIBUCIÓN, ETC. (PIE DE IMPRENTA) |
| Lugar de publicación, distribución, etc |
Madrid: |
| Nombre del editor, distribuidor, etc. |
SM, |
| Fecha de publicación, distribución, etc |
1993 |
| 300 ## - DESCRIPCIÓN FÍSICA |
| Extensión |
95 p. ; |
| Otros detalles físicos |
il.: |
| Dimensiones |
20 cm. |
| 490 ## - MENCIÓN DE SERIES |
| Mención de serie |
Catamarán.Serie azul |
| Volume/sequential designation |
22 |
| 700 1# - ASIENTO SECUNDARIO -- NOMBRE PERSONAL |
| Nombre personal |
Murciano, Carlos |
| Fechas asociadas con el nombre |
1931- |
| Título de una obra |
Don Abecedario |
| 700 1# - ASIENTO SECUNDARIO -- NOMBRE PERSONAL |
| Nombre personal |
Esteban, Ángel |
| Fechas asociadas con el nombre |
1948- |
| 740 01 - ASIENTO SECUNDARIO DE TÍTULOS RELACIONADOS O ANALÍTICOS NO CONTROLADOS |
| Título analítico o relacionado no controlado |
Don Abecedario. |
| 830 ## - ASIENTO SECUNDARIO DE SERIE--TÍTULO UNIFORME |
| Título uniforme |
Catamarán. |
| Nombre de la parte o sección de una obra |
Serie azul |
| Volume number/sequential designation |
12 |
| 942 ## - ADDED ENTRY ELEMENTS (KOHA) |
| Source of classification or shelving scheme |
Dewey Decimal Classification |
| Koha item type |
Libros |
| 956 ## - LOCAL ELECTRONIC LOCATION AND ACCESS (OCLC) |
| Nombre de host |
VMATEO |
| Método de acceso |
10 |
| Materiales especificados |
20151124 |
| Enlace |
BPMSU |
| Campo enlazado y núm. de secuencia |
00151 |